000 00452cam a2200181ua 4500
020 _c1.50
041 _ahin
_h
082 _a891.54
_bMAN/MA
100 _aManibahan Patel, .
245 _aManibahan patel ke naam /
_cManibahan patel.
_hTextual Documents
250 _a1 /
_b.
260 _aAhmadabad :
_bNavajivan publishing house ,
_c1960.
300 _a165 ; .
365 _a1.50
504 _a
942 _cBK
999 _c6438
_d6438